Опыт Научно-технической библиотеки Томского политехнического университета по совместной организации мероприятий с учреждениями города Томска: ожидание и реальность; Наука, технологии и информация в библиотеках. LIBWAY-2019

ग्रंथसूची विवरण
Parent link:Наука, технологии и информация в библиотеках. LIBWAY-2019.— 2019.— С. 99-100
मुख्य लेखक: Калинникова Ю. П. Юлия Павловна
निगमित लेखक: Томский политехнический университет Научно-техническая библиотека
अन्य लेखक: Панькова Э. Ю. Эльвира Юрьевна
भाषा:रूसी
प्रकाशित: 2019
विषय:
स्वरूप: पुस्तक अध्याय
KOHA link:https://koha.lib.tpu.ru/cgi-bin/koha/opac-detail.pl?biblionumber=344356

MARC

LEADER 00000naa2a2200000 4500
001 344356
005 20241025142722.0
035 |a (RuTPU)RU\TPU\book\375825 
035 |a RU\TPU\book\347217 
090 |a 344356 
100 |a 20200219d2019 k y0rusy50 ca 
101 0 |a rus 
102 |a RU 
200 1 |a Опыт Научно-технической библиотеки Томского политехнического университета по совместной организации мероприятий с учреждениями города Томска: ожидание и реальность  |f Ю. П. Калинникова, Э. Ю. Панькова 
463 1 |0 (RuTPU)RU\TPU\book\375464  |y 978-5-94560-314-1  |t Наука, технологии и информация в библиотеках. LIBWAY-2019  |o сборник тезисов докладов Международной научно-практической конференции, г. Иркутск, 17-19 сентября 2019 г.  |f Российская академия наук, Сибирское отделение, Государственная публичная научно-техническая библиотека ; под ред. Е. Б. Артемьевой  |v С. 99-100  |n [Б. и.]  |d 2019  |p 238 с. 
601 0 2 |a Томский политехнический университет  |b Научно-техническая библиотека  |2 stltpush  |3 (RuTPU)RU\TPU\col\15103  |9 26085 
610 1 |a труды учёных ТПУ 
610 1 |a Томск 
610 1 |a мероприятия 
610 1 |a коллаборации 
610 1 |a редкие книги 
610 1 |a музеи 
610 1 |a книжные выставки 
700 1 |a Калинникова  |b Ю. П.  |c начальник отдела редких книг и книжных памятников НТБ Томского политехнического университета  |f 1976-  |g Юлия Павловна  |3 (RuTPU)RU\TPU\pers\40458  |9 21308 
701 1 |a Панькова  |b Э. Ю.  |c главный библиотекарь НТБ Томского политехнического университета  |f 1974-  |g Эльвира Юрьевна  |3 (RuTPU)RU\TPU\pers\40459  |9 21309 
712 0 2 |a Томский политехнический университет  |b Научно-техническая библиотека  |3 (RuTPU)RU\TPU\col\15103  |9 26085 
801 2 |a RU  |b 63413507  |c 20200219  |g RCR 
942 |c BK